000 01780nam a2200253Ia 4500
008 260220t1998||||xx |||||||||||||| ||spa||
020 _a8478808620
040 _aPY-SlUNAC
_bspa
_erda
041 _aspa
082 _a150
_bB651e
100 _aBloch, Arthur
_eAutor
245 0 _aLa Ley de Murphy :
_bsi algo puede salir mal, saldrá mal o la tostada siempre cae por el lado de la mantequilla /
_cpor Arthur Bloch [Autor]
264 _aMadrid :
_bTemas de Hoy,
_c℗1998.
300 _a1 volumen
520 _a"La Ley de Murphy" de Arthur Bloch explora la noción de que, si algo tiene la posibilidad de salir mal, efectivamente lo hará, encapsulando la esencia de la ley en una serie de aforismos ingeniosos y humorísticos. Publicado en 1998, el libro examina la naturaleza del fracaso y la inevitabilidad de los contratiempos en diversas situaciones cotidianas, desde lo trivial hasta lo significativo. A través de un enfoque ligero y entretenido, Bloch presenta ejemplos que ilustran cómo la vida tiende a desviar nuestras expectativas, lo que invita a los lectores a adoptar una perspectiva más optimista y resiliente frente a la adversidad. La obra no solo sirve como una reflexión sobre los contratiempos, sino que también proporciona un marco para entender el azar y la suerte en la vida diaria. En última instancia, el autor transforma la frustración en risa, ofreciendo una visión que sugiere que, a pesar de la ley de Murphy, es posible encontrar humor y aprendizaje en los errores y desdichas.
653 _aComportamiento humano
653 _aConsecuencias
653 _aRiesgo
942 _b2026/02/17
_cBK
999 _c6740
_d6740